Corporate governance : (Record no. 21263)
[ view plain ]
| 000 -LEADER | |
|---|---|
| fixed length control field | 00602nam a2200193 a 4500 |
| 005 - DATE AND TIME OF LATEST TRANSACTION | |
| control field | 20140310183315.0 |
| 008 - FIXED-LENGTH DATA ELEMENTS--GENERAL INFORMATION | |
| fixed length control field | 051027s19uu xx 00 eng d |
| 020 ## - INTERNATIONAL STANDARD BOOK NUMBER | |
| International Standard Book Number | 9717330131 |
| 050 ## - LIBRARY OF CONGRESS CALL NUMBER | |
| Classification number | HD 2741 |
| Item number | .Sa237 2005 |
| 100 ## - MAIN ENTRY--PERSONAL NAME | |
| Personal name | Santos, Emmanuel Tiu |
| 245 ## - TITLE STATEMENT | |
| Title | Corporate governance : |
| Remainder of title | concepts, values and practices / |
| Statement of responsibility, etc | Emmanuel Tiu Santos. |
| 260 ## - PUBLICATION, DISTRIBUTION, ETC. (IMPRINT) | |
| Place of publication, distribution, etc | Philippines : |
| Name of publisher, distributor, etc | International Academy of Management and Economics, |
| Date of publication, distribution, etc | 2005. |
| 300 ## - PHYSICAL DESCRIPTION | |
| Extent | 368 p. : |
| Dimensions | 24 cm. |
| 521 ## - TARGET AUDIENCE NOTE | |
| Target audience note | |
| 650 ## - SUBJECT ADDED ENTRY--TOPICAL TERM | |
| Topical term or geographic name as entry element | Corporate governance |
| General subdivision | Philippines. |
| 942 ## - ADDED ENTRY ELEMENTS (KOHA) | |
| Koha item type | Books |
| Source of classification or shelving scheme | Library of Congress Classification |
| Call number prefix | Local |
| Withdrawn status | Lost status | Source of classification or shelving scheme | Damaged status | Home library | Current library | Shelving location | Date acquired | Total Checkouts | Full call number | Barcode | Date last seen | Copy number | Price effective from | Koha item type | Total Renewals | Date checked out |
|---|---|---|---|---|---|---|---|---|---|---|---|---|---|---|---|---|
| Library of Congress Classification | College Library | College Library | General Circulation Section | 10/27/2005 | HD 2741 .Sa237 2005 | C6397 | 05/15/2018 | 1 | 10/10/2013 | Books | ||||||
| Library of Congress Classification | College Library | College Library | General Circulation Section | 12/06/2013 | 1 | HD 2741 .Sa237 2005 | C6396 | 05/15/2018 | 1 | 12/06/2013 | Books | 3 | 04/18/2016 |